=LDR 00000nam 2200000 4500 =001 INLIS000000000042737 =005 20131008015538 =008 ***********************************Ind** =035 ##$$0010-101300000000659 =041 ##$$a Ind =082 ##$$a 618.9 =090 ##$$a 618.9, Rit m =100 ##$$a Rita Juniriana Primi9sasiki =245 ##$$a Mengenal penyakit - penyakit balita dan anak, Rita Juniriana Primisasiki; editor, Sri Lestari =260 ##$$a 2009 $b Jakarta =300 ##$$a iv, 76 hlm., ilus, 24 cm =650 ##$$a Anak - Penyakit =700 ##$$a Sri Lestari =850 ##$$a NBPNMAT =990 ##$$a 0001/BPAP-NTB/20142014 =990 ##$$a 0001/BPAP-NTB/20142014 =990 ##$$a 0001/BPAP-NTB/2015